000 01749nam a2200241Ia 4500
008 260220t1973||||xx |||||||||||||| ||spa||
040 _aPY-SlUNAC
_bspa
_erda
041 _aspa
082 _a664.07
_bP851c
100 _aPotter, Norman N.
_eAutor
245 0 _aLa ciencia de los alimentos /
_cpor Norman N. Potter [Autor]
264 _aCiudad de México :
_bAID,
_c℗1973.
300 _a1 volumen
520 _a"La ciencia de los alimentos" de Norman N. Potter es un texto fundamental que explora los principios básicos de la química y la biología aplicados a la producción, preservación y consumo de alimentos. A través de un enfoque multidisciplinario, el autor examina las propiedades físicas y químicas de los alimentos, así como los procesos que afectan su calidad y seguridad. El libro incluye temas como la microbiología alimentaria, los aditivos, la nutrición y las técnicas de conservación, proporcionando una base sólida para entender los desafíos contemporáneos en la industria alimentaria. Además, se discuten las interacciones entre los componentes de los alimentos y su impacto en la salud humana. Con un lenguaje accesible y un enfoque práctico, Potter busca no solo informar, sino también fomentar una apreciación más profunda de la ciencia detrás de los alimentos que consumimos. Este texto sigue siendo relevante para estudiantes, investigadores y profesionales en el campo de la ciencia de los alimentos y la nutrición.
653 _aCiencia de los alimentos
653 _aNutrición
653 _aTecnología de los alimentos
942 _b2026/02/17
_cBK
999 _c8823
_d8823